<?xml version="1.0" encoding="UTF-8"?>
<record
    xmlns:xsi="http://www.w3.org/2001/XMLSchema-instance"
    xsi:schemaLocation="http://www.loc.gov/MARC21/slim http://www.loc.gov/standards/marcxml/schema/MARC21slim.xsd"
    xmlns="http://www.loc.gov/MARC21/slim">

  <leader>02445    a2200217   4500</leader>
  <controlfield tag="003">Nust</controlfield>
  <controlfield tag="005">20221117123414.0</controlfield>
  <datafield tag="010" ind1=" " ind2=" ">
    <subfield code="a">   85017260</subfield>
  </datafield>
  <datafield tag="020" ind1=" " ind2=" ">
    <subfield code="a">0387158006 (U.S. : pbk.)</subfield>
  </datafield>
  <datafield tag="040" ind1=" " ind2=" ">
    <subfield code="c">Nust</subfield>
  </datafield>
  <datafield tag="082" ind1="0" ind2="0">
    <subfield code="a">512.7,SCH</subfield>
  </datafield>
  <datafield tag="100" ind1="1" ind2=" ">
    <subfield code="a">Schroeder, M. R.</subfield>
    <subfield code="9">102840</subfield>
  </datafield>
  <datafield tag="245" ind1="1" ind2="0">
    <subfield code="a">Number theory in science and communication :</subfield>
    <subfield code="b">with applications in cryptography, physics, digital information, computing, and self-similarity / </subfield>
    <subfield code="c">M.R. Schroeder.</subfield>
  </datafield>
  <datafield tag="250" ind1=" " ind2=" ">
    <subfield code="a">2nd enl. ed.</subfield>
  </datafield>
  <datafield tag="260" ind1=" " ind2=" ">
    <subfield code="a">Berlin ;</subfield>
    <subfield code="a">New York :</subfield>
    <subfield code="b">Springer-Verlag,</subfield>
    <subfield code="c">c1986.</subfield>
  </datafield>
  <datafield tag="300" ind1=" " ind2=" ">
    <subfield code="a">xix, 374 p. :</subfield>
    <subfield code="b">ill. ;</subfield>
    <subfield code="c">24 cm.</subfield>
  </datafield>
  <datafield tag="440" ind1=" " ind2="0">
    <subfield code="a">Springer series in information sciences ;</subfield>
    <subfield code="v">7</subfield>
    <subfield code="9">101218</subfield>
  </datafield>
  <datafield tag="505" ind1=" " ind2=" ">
    <subfield code="a">Part i: A Few Fundamental, Introduction (Page-1), The Natural Numbers (Page-17), Primes (Page-26), The Prime Distribution (Page-40), Part ii: Some Simple Applications,  Fraction: Continued, Egyptian and Farey (Page-55), Part iii: Congruence&#x2019;s and  the like ,  Linear Congruence&#x2019;s (Page-87), Diophantine Equations (Page-95), The Theorems of Fermat , Wilson and Euler (Page-111), Part iv: Cryptography and Divisors ,  Euler trap Doors and Publics and Public-Key Encryption (Page-118), The Divisor Functions (Page-127), The Prime Divisor Functions (Page-135), Certified Signatures (Page-149), Primitive Roots (Page-151), Knapsack Encryption (Page-168), Part V: Residues and Diffraction ,   Quadratic Residues (Page-172), Part VI: Chinese and Other Fast Algorithms,  The Chinese Remainder Theorem and Simultaneous Congruence&#x2019;s (Page-186), Fast Transformation and Kronecker Products  (Page-196), Quadratic Congruence&#x2019;s (Page-201), Part vii: Pseudo primes, Mobius Transform, and  Partitions ,  Pseudo primes, Poker and Remote Coin Tossing (Page-203), The Mobius Function and the Mobius Transform (Page-215), Generating Functions and Partitions (Page-223), Part viii: Cyclostomes and Polynomials ,  Cyclotomic Polynomials (Page-232), Linear Systems and Polynomials (Page-249), Polynomial Theory (Page-253), Part ix : Galois Fields and More Application ,  Galois Fields (Page-259), Spectral Properties of Galois Sequences(Page-274), Random Number Generations (Page-289), Waveforms and Radiation Patterns (Page-297) Number Theory, Randomness and Art (Page-307), Part x: Self-Similarity, Fractals and Art ,  Self-similarity , Fractals, Deterministic Chaos and New Sate Of Matter (Page-315), Appendix (Page-341). </subfield>
  </datafield>
  <datafield tag="650" ind1=" " ind2="0">
    <subfield code="a">Number theory.</subfield>
    <subfield code="9">3455</subfield>
  </datafield>
  <datafield tag="942" ind1=" " ind2=" ">
    <subfield code="c">REF</subfield>
    <subfield code="2">ddc</subfield>
    <subfield code="k">512.7,SCH</subfield>
  </datafield>
  <datafield tag="999" ind1=" " ind2=" ">
    <subfield code="c">188721</subfield>
    <subfield code="d">188721</subfield>
  </datafield>
  <datafield tag="952" ind1=" " ind2=" ">
    <subfield code="0">0</subfield>
    <subfield code="1">0</subfield>
    <subfield code="2">ddc</subfield>
    <subfield code="4">0</subfield>
    <subfield code="7">0</subfield>
    <subfield code="a">MCS</subfield>
    <subfield code="b">MCS</subfield>
    <subfield code="c">GEN</subfield>
    <subfield code="d">2016-12-12</subfield>
    <subfield code="o">512.7,SCH</subfield>
    <subfield code="p">MCS26454</subfield>
    <subfield code="r">2016-12-08</subfield>
    <subfield code="w">2016-12-12</subfield>
    <subfield code="y">BK</subfield>
    <subfield code="z">Almirah No.11, Shelf No.4</subfield>
  </datafield>
</record>
